| 000 | 00683nam a22002295 4500 | ||
|---|---|---|---|
| 001 | 3013129 | ||
| 003 | OSt | ||
| 005 | 20200421093818.0 | ||
| 008 | 000124s1879 enk 000 grc d | ||
| 035 | _aCAT1-0985442 | ||
| 035 | _a44583 | ||
| 040 |
_aNLS _cxxx |
||
| 100 | 0 |
_aXenophon, _cthe Historian. _957 |
|
| 240 | 1 | 0 |
_aAgesilaus. _lGreek. _f1879 |
| 245 | 1 | 0 |
_aXenophōntos Agēsilaos. Agesilaus of Xenophon / _cthe text revised, with critical and explanatory notes, introduction, analyses and indices, by H. Hailstone. |
| 260 |
_aCambridge, _c1879. |
||
| 300 | _c8vo. | ||
| 440 | 0 |
_aPitt Press series _958 |
|
| 700 | 1 |
_aHailstone, H. _959 |
|
| 942 |
_2ddc _cBK |
||
| 999 |
_c74 _d74 |
||